000 00301 a2200145 4500
001 47641
040 _cAnchieta - Aquarius
100 _aAndrews, Paul
240 1 0 _aO ursinho Puff
_lpor
245 1 0 _aO ursinho Puff
300 _a23
362 0 _a1997
650 4 _aLiteratura infantil
942 _cBK
999 _c47641
_d47641